| 000 | 00371 a2200157 4500 | ||
|---|---|---|---|
| 001 | 75150 | ||
| 020 | _a | ||
| 040 | _cAnchieta - Colégio São Paulo | ||
| 100 | _aDante, Luiz Roberto | ||
| 240 | 1 | 0 |
_aProjeto Ápis: Matemática, 3º ano _lpor |
| 245 | 1 | 0 | _aProjeto Ápis: Matemática, 3º ano |
| 300 | _a301 | ||
| 362 | 0 | _a2014 | |
| 650 | 4 | _aMatemática | |
| 942 | _cBK | ||
| 999 |
_c75150 _d75150 |
||